El barco de papel (Record no. 211585)
[ view plain ]
| 000 -CABECERA | |
|---|---|
| campo de control de longitud fija | 00752cam a22002417a 4500 |
| 003 - IDENTIFICADOR DEL NÚMERO DE CONTROL | |
| campo de control | MX-MxUPN |
| 005 - FECHA Y HORA DE LA ÚLTIMA TRANSACCIÓN | |
| campo de control | 20240912063901.0 |
| 008 - ELEMENTOS DE LONGITUD FIJA--INFORMACIÓN GENERAL | |
| campo de control de longitud fija | 240820s2000 ag| |||ar|||| 000 0 spa d |
| 020 ## - NÚMERO INTERNACIONAL NORMALIZADO PARA LIBROS | |
| Número Internacional Estándar del Libro | 9505819617 |
| 040 ## - FUENTE DE LA CATALOGACIÓN | |
| Centro catalogador/agencia de origen | MX-MxUPN |
| Lengua de catalogación | spa |
| 050 #4 - SIGNATURA TOPOGRÁFICA DE LA BIBLIOTECA DEL CONGRESO | |
| Número de clasificación | PZ73.7 |
| Número de documento/Ítem | U33 2000 |
| 100 1# - ASIENTO PRINCIPAL--NOMBRE PERSONAL | |
| 9 (RLIN) | 41860 |
| Nombre de persona | Uhalde, Leticia, |
| Fechas asociadas al nombre | 1942-1991 |
| 100 1# - ASIENTO PRINCIPAL--NOMBRE PERSONAL | |
| 9 (RLIN) | 47362 |
| Nombre de persona | Fortín, Raúl |
| 245 13 - MENCIÓN DE TÍTULO | |
| Título | El barco de papel |
| 260 ## - PUBLICACIÓN, DISTRIBUCIÓN, ETC. | |
| Lugar de publicación, distribución, etc. | Buenos Aires, Argentina : |
| Nombre del editor, distribuidor, etc. | Colihue, |
| Fecha de publicación, distribución, etc. | [200?] |
| 300 ## - DESCRIPCIÓN FÍSICA | |
| Extensión | 12 páginas : |
| Otras características físicas | ilustraciones a color |
| 490 0# - MENCIÓN DE SERIE | |
| Mención de serie | Los libros dibujados |
| 650 #4 - ASIENTO SECUNDARIO DE MATERIA - TERMINO TEMATICO | |
| Término de materia o nombre geográfico como elemento de entrada | Cuentos infantiles argentinos |
| 9 (RLIN) | 7466 |
| 650 #0 - ASIENTO SECUNDARIO DE MATERIA - TERMINO TEMATICO | |
| 9 (RLIN) | 21656 |
| Término de materia o nombre geográfico como elemento de entrada | Viajes |
| Subdivisión de forma | Literatura infantil |
| 650 #7 - ASIENTO SECUNDARIO DE MATERIA - TERMINO TEMATICO | |
| 9 (RLIN) | 21365 |
| Término de materia o nombre geográfico como elemento de entrada | Libros ilustrados para niños |
| 902 ## - ELEMENTOS DE DATOS B LOCAL, LDB (RLIN) | |
| Modificó | VíctorGodínez/200824 |
| 942 ## - ELEMENTOS DE PUNTO DE ACCESO ADICIONAL (KOHA) | |
| Fuente del sistema de clasificación o colocación | Library of Congress Classification |
| Tipo de ítem Koha | Libro |
| Estado de retiro | Estado de pérdida | Fuente del sistema de clasificación o colocación | Estado dañado | No para préstamo | Código de colección | Localización permanente | Ubicación/localización actual | Ubicación en estantería | Fecha de adquisición | Clasificación | Código de barras | Fecha visto por última vez | Precio válido a partir de | Tipo de ítem Koha |
|---|---|---|---|---|---|---|---|---|---|---|---|---|---|---|
| Library of Congress Classification | Infantil | Bib. Gregorio Torres Quintero | Bib. Gregorio Torres Quintero | Sala infantil Planta baja | 20/08/2024 | PZ73.7 U33 2000 | 324602 | 20/08/2024 | 20/08/2024 | Libro |
